[Event "Famalicao op 2nd"]
[Site "Famalicao"]
[Date "2014.09.05"]
[Round "6"]
[White "Smerdon, David"]
[Black "Fernandes, Afonso Sampaio SP"]
[Result "1-0"]
[WhiteElo "2512"]
[BlackElo "1810"]
[PlyCount "77"]
[EventDate "2014.09.01"]
[EventType "swiss"]
[EventRounds "7"]
[EventCountry "POR"]
[SourceTitle "EXT 2018"]
[Source "ChessBase"]
[SourceDate "2017.10.13"]
[SourceVersion "1"]
[SourceVersionDate "2017.10.13"]
[SourceQuality "1"]

1. e4 d6 2. d4 Nf6 3. Nc3 e5 4. Nf3 Nbd7 5. g4 Nxg4 6. Rg1 exd4 7. Nxd4 h5 8. h3 Nge5 9. Bg5 Nf6 10. f4 Ned7 11. Qe2 Be7 12. e5 dxe5 13. fxe5 Nh7 14. Bxe7 Qxe7 15. e6 Qh4+ 16. Qf2 Qxf2+ 17. Kxf2 Ne5 18. Re1 Nc6 19. Ndb5 Bxe6 20. Nxc7+ Kd7 21. Nxa8 Rxa8 22. Ne4 Rg8 23. Nc5+ Ke7 24. Nxe6 fxe6 25. Rxe6+ Kxe6 26. Bc4+ Kf6 27. Bxg8 Ng5 28. Kg2 Ne5 29. Rf1+ Kg6 30. Bd5 b6 31. c4 Nd7 32. h4 Nh7 33. Be4+ Kh6 34. Bxh7 Kxh7 35. Rf5 Kg6 36. Rg5+ Kh6 37. b4 Nb8 38. Rd5 Nc6 39. Rd6+ 1-0

[Event "Famalicao op 2nd"]
[Site "Famalicao"]
[Date "2014.09.01"]
[Round "2"]
[White "Campora, Daniel Hugo"]
[Black "Fernandes, Afonso Sampaio SP"]
[Result "1-0"]
[WhiteElo "2456"]
[BlackElo "1810"]
[PlyCount "73"]
[EventDate "2014.09.01"]
[EventType "swiss"]
[EventRounds "7"]
[EventCountry "POR"]
[SourceTitle "EXT 2018"]
[Source "ChessBase"]
[SourceDate "2017.10.13"]
[SourceVersion "1"]
[SourceVersionDate "2017.10.13"]
[SourceQuality "1"]

1. e4 d6 2. d4 Nf6 3. Nc3 e5 4. Nf3 Nbd7 5. g3 Be7 6. Bg2 0-0 7. 0-0 c6 8. a4 b6 9. Re1 Bb7 10. h3 a6 11. b3 Qc7 12. Bb2 b5 13. Qd3 b4 14. Nb1 a5 15. Nbd2 Ba6 16. Qe3 c5 17. dxe5 dxe5 18. Bf1 Bxf1 19. Kxf1 Ne8 20. Nc4 f6 21. Rad1 Nb6 22. Nfd2 Nd6 23. Qe2 Rfd8 24. Nxb6 Qxb6 25. Nc4 Qc6 26. Rd5 Nxc4 27. Qxc4 Rxd5 28. exd5 Qa6 29. f4 Qxc4+ 30. bxc4 Bd6 31. fxe5 fxe5 32. Bxe5 Bf8 33. Bc7 Kf7 34. d6 g5 35. Kg2 Bxd6 36. Bxd6 Rd8 37. Rf1+ 1-0

[Event "POR-ch U20"]
[Site "Braga"]
[Date "2013.08.04"]
[Round "3.5"]
[White "Gomes, Ricardo"]
[Black "Fernandes, Afonso Sampaio SP"]
[Result "1-0"]
[WhiteElo "1365"]
[BlackElo "1791"]
[PlyCount "97"]
[EventDate "2013.08.02"]
[EventType "swiss"]
[EventRounds "7"]
[EventCountry "POR"]
[SourceTitle "EXT 2015"]
[Source "ChessBase"]
[SourceDate "2014.11.20"]
[SourceVersion "1"]
[SourceVersionDate "2014.11.20"]
[SourceQuality "1"]

1. Nf3 d5 2. c4 e6 3. cxd5 exd5 4. b3 f5 5. e3 Nf6 6. Bb2 Bd6 7. Nc3 0-0 8. Qc2 c5 9. a3 a6 10. Be2 b5 11. d3 Bb7 12. 0-0 Qe8 13. a4 b4 14. Nb1 Nc6 15. d4 cxd4 16. Nxd4 Nxd4 17. Bxd4 Ne4 18. f3 Qh5 19. f4 Qh6 20. Rf3 Rac8 21. Qb2 Rc7 22. Rh3 Qe6 23. Bd3 Rfc8 24. Nd2 g6 25. Nf3 Nc3 26. Re1 Be7 27. Be5 Rd7 28. Rg3 Ne4 29. Rh3 Bc5 30. a5 Nc3 31. Ng5 Qc6 32. Rg3 Re8 33. h4 d4 34. e4 fxe4 35. Nxe4 Nxe4 36. Rxe4 Qe6 37. Re2 Kf7 38. Kf1 Be7 39. Bxd4 Qd6 40. Be5 Qc5 41. h5 Rg8 42. Bd4 Qxh5 43. Re5 Qh1+ 44. Kf2 Bh4 45. Bc4+ Kf8 46. Bc5+ Be7 47. Bxe7+ Rxe7 48. Rxe7 Qh5 49. Qf6# 1-0

[Event "Gaia Profigaia op 6th"]
[Site "Vila Nova de Gaia"]
[Date "2013.07.09"]
[Round "6.16"]
[White "Fernandes, Afonso Sampaio SP"]
[Black "Sousa, Hugo Carneiro"]
[Result "1-0"]
[WhiteElo "1781"]
[BlackElo "1548"]
[PlyCount "59"]
[EventDate "2013.07.06"]
[EventType "swiss"]
[EventRounds "9"]
[EventCountry "POR"]
[SourceTitle "EXT 2015"]
[Source "ChessBase"]
[SourceDate "2014.11.20"]
[SourceVersion "1"]
[SourceVersionDate "2014.11.20"]
[SourceQuality "1"]

1. e4 e6 2. d4 d5 3. Nd2 Nf6 4. e5 Nfd7 5. Bd3 c5 6. c3 Nc6 7. Ne2 f6 8. Nf4 Qe7 9. Qh5+ Kd8 10. Bxh7 cxd4 11. Ng6 Qf7 12. g4 Rxh7 13. Qxh7 dxc3 14. bxc3 Ncxe5 15. Nxf8 Qxf8 16. Qh3 Nc5 17. 0-0 Qf7 18. Ba3 Ncd3 19. f4 Nc4 20. Qxd3 Nxa3 21. c4 Qe7 22. cxd5 Qc5+ 23. Kh1 exd5 24. Rac1 Qa5 25. Rc3 Nb5 26. Qxd5+ Bd7 27. Rd3 Qc7 28. Qg8+ Ke7 29. Re1+ Be6 30. Rxe6# 1-0

[Event "Gaia Profigaia op 6th"]
[Site "Vila Nova de Gaia"]
[Date "2013.07.06"]
[Round "1.26"]
[White "Ferreira, Joana Isabel Martin"]
[Black "Fernandes, Afonso Sampaio SP"]
[Result "0-1"]
[WhiteElo "1214"]
[BlackElo "1781"]
[PlyCount "116"]
[EventDate "2013.07.06"]
[EventType "swiss"]
[EventRounds "9"]
[EventCountry "POR"]
[SourceTitle "EXT 2015"]
[Source "ChessBase"]
[SourceDate "2014.11.20"]
[SourceVersion "1"]
[SourceVersionDate "2014.11.20"]
[SourceQuality "1"]

1. e4 c5 2. Nf3 Nc6 3. d4 cxd4 4. Nxd4 g6 5. Nc3 Bg7 6. Be3 Nf6 7. f3 d5 8. exd5 Nxd5 9. Nxd5 Qxd5 10. c3 0-0 11. Nxc6 Qxc6 12. Qb3 Be6 13. Qc2 b5 14. a4 b4 15. Bd2 Rac8 16. Bd3 bxc3 17. bxc3 Bxc3 18. Bxc3 Qxc3+ 19. Qxc3 Rxc3 20. Bb5 Rc2 21. 0-0 Rd8 22. Rad1 Rb8 23. Rc1 Ra2 24. Rf2 Rxf2 25. Kxf2 Rb7 26. Rd1 Kg7 27. Ke3 Kf6 28. f4 Rc7 29. g3 Rc2 30. Rd2 Rc1 31. Bd3 Ra1 32. Bb5 g5 33. Rd4 Bf5 34. Rc4 Ra3+ 35. Kf2 Ra2+ 36. Kg1 gxf4 37. Rxf4 e5 38. Rf2 Ra1+ 39. Rf1 Rxf1+ 40. Kxf1 Ke7 41. Ke2 Bd7 42. Bd3 f5 43. a5 Kd6 44. Ke3 Kc5 45. a6 e4 46. Be2 Bb5 47. Bd1 Bxa6 48. Bc2 Bd3 49. Bxd3 exd3 50. Kxd3 Kd5 51. Ke3 a5 52. Kd3 a4 53. Kc3 Ke4 54. Kb4 Kf3 55. Kxa4 Kg2 56. Kb4 Kxh2 57. Kc4 Kxg3 58. Kd4 f4 0-1

[Event "POR-ch prel"]
[Site "Matosinhos"]
[Date "2012.08.08"]
[Round "5.10"]
[White "Cruz, Jorge Filipe Egas"]
[Black "Fernandes, Afonso Sampaio SP"]
[Result "1-0"]
[WhiteElo "2080"]
[BlackElo "1736"]
[PlyCount "109"]
[EventDate "2012.08.04"]
[EventType "swiss"]
[EventRounds "9"]
[EventCountry "POR"]
[SourceTitle "EXT 2015"]
[Source "ChessBase"]
[SourceDate "2014.11.20"]
[SourceVersion "1"]
[SourceVersionDate "2014.11.20"]
[SourceQuality "1"]

1. e4 c6 2. d4 d5 3. Nc3 dxe4 4. Nxe4 Bf5 5. Ng3 Bg6 6. Nf3 Nf6 7. h4 h6 8. Ne5 Bh7 9. Bc4 e6 10. Qe2 Nd5 11. Bd2 Be7 12. 0-0-0 b5 13. Bd3 Bxd3 14. Qxd3 Bxh4 15. Nh5 Bf6 16. Qg3 g5 17. Nxf6+ Qxf6 18. Bxg5 hxg5 19. Rxh8+ Qxh8 20. Qxg5 Ne7 21. Ng4 Nd7 22. Rd3 Qg8 23. Qh5 0-0-0 24. a4 Qg6 25. Qh3 Nd5 26. Qf3 Qg5+ 27. Ne3 f5 28. axb5 cxb5 29. Ra3 Qf4 30. Qe2 Nxe3 31. fxe3 Qh4 32. Kb1 Qe4 33. Qxb5 Qb7 34. Qc4+ Kb8 35. Qxe6 Ka8 36. Qxf5 Nb6 37. Qf3 Qxf3 38. gxf3 Nc4 39. Rd3 Rf8 40. e4 Kb7 41. b3 Na5 42. c4 Nc6 43. Kb2 Rh8 44. Kc3 a5 45. Rd2 Rh1 46. d5 Ne5 47. f4 Rh3+ 48. Kb2 Nf3 49. Rd3 Rh2+ 50. Kc3 Rf2 51. d6 Kc8 52. e5 Nh4 53. e6 Rxf4 54. d7+ Kd8 55. e7+ 1-0